Indian Navy Agniveer Senior Secondary Recruits SSR/ (Record no. 204062)

MARC details
000 -LEADER
fixed length control field 00604 a2200181 4500
005 - DATE AND TIME OF LATEST TRANSACTION
control field 20240709124812.0
010 ## - LCCN (DPL NO)
LC control number ENG-140843
020 ## - INTERNATIONAL STANDARD BOOK NUMBER
International Standard Book Number 9789391121136
Terms of availability 395.00
035 ## - SYSTEM CONTROL NUMBER
System control number EN-124375
037 ## - SOURCE OF ACQUISITION
Source of stock number/acquisition DBAD
082 ## - DEWEY DECIMAL CLASSIFICATION NUMBER
Classification number 000
100 ## - MAIN ENTRY--PERSONAL NAME
Personal name Editorial Board
245 ## - TITLE STATEMENT
Title Indian Navy Agniveer Senior Secondary Recruits SSR/
Statement of responsibility, etc by Editorial Board
260 ## - PUBLICATION, DISTRIBUTION, ETC. (IMPRINT)
Place of publication, distribution, etc Agra
Name of publisher, distributor, etc Upkar Prakashan
270 ## - ADDRESS
Address 2/11A, Swadeshi Bima Nagar,
City Agra
Postal code 282-002
Telephone number 2530966, 2531101, 3208693/94
Fax number (0562) 2531940
Electronic mail address info@upkarprakashan.com
300 ## - PHYSICAL DESCRIPTION
Extent vpp
Dimensions 27cm(pb)
942 ## - ADDED ENTRY ELEMENTS (KOHA)
Institution code [OBSOLETE] dpl
Item type English Books
Source of classification or shelving scheme Dewey Decimal Classification
Classification part 000
Call number suffix IND
Holdings
Withdrawn status Lost status Not for loan Collection code Home library Current library Date acquired Source of acquisition Cost, normal purchase price Full call number Barcode Copy number Cost, replacement price Koha item type
      Non-fiction New Police Line New Police Line 09/07/2024 DBAD 395.00 000 IND EN-124375 1 395.00 English Books

© Delhi Public Library
Hit Counter
free hit counter